00737nam a22002057a 450000500170000000800410001704100080005804400070006608200170007311001210009024501400021125000330035126000260038430000110041065000260042165000240044770000200047170000210049170000190051220130722145602.0130722b1940 ck ||||| |||| 00| 0 spa d aspa ack04a632.58bC35c2 aInstituto Colombiano AgropecuariobSubgerencia técnicabDivisión de investigaciónbDepartamento de agronomía10aCatálogo de semillas de malezas de clima frío /cInstituto Colombiano Agropecuario, Darío Vargas, Juan Cárdenas y Carlos Romero aEditor Fernando Pardo Enciso aBogotábICAc[1970] a117 p. aSemillasvcatálogos aMalezasvcatoalogos1 aVargas, Darío1 aCárdenas, Juan1 aRomero, Carlos